| 000 | 00485nam a2200193Ia 4500 | ||
|---|---|---|---|
| 008 | 170918s9999 xx 000 0 und d | ||
| 020 | _a330349953 | ||
| 050 | _bM911 1998 | ||
| 100 | _aMoses, Brian | ||
| 245 | _aAliens stole my underpants : | ||
| 245 | _band other intergalactic poems / | ||
| 245 | _cby Brian Moses. | ||
| 260 | _aLondon : | ||
| 260 | _bMcMillan Children's Book, | ||
| 260 | _c1998 | ||
| 300 | _a63 pages : | ||
| 300 | _billustrations ; | ||
| 300 | _c19cm. | ||
| 999 |
_c343782 _d343782 |
||